| 000 | 00580nam a22002417a 4500 | ||
|---|---|---|---|
| 001 | 26507 | ||
| 003 | UA-OsUOA | ||
| 005 | 20220717142619.0 | ||
| 007 | ta | ||
| 008 | 20040604b un ||||| |||| 00| 0 ukr d | ||
| 040 |
_aUA-OsUOA _brus _cUA-OsUOA _dUA-OsUOA |
||
| 041 | _arus | ||
| 044 | _aRU | ||
| 080 | _a521 | ||
| 090 |
_a521 _bИ29 |
||
| 100 | _aИдельсон Н. И. | ||
| 245 | _aЭтюды по истории небесной механики | ||
| 260 |
_aМосква _bНаука _c1975 |
||
| 300 | _a495 с. | ||
| 650 | 7 | _2UDC | |
| 942 |
_cBK _2udc |
||
| 955 | _a0 | ||
| 999 |
_c312832 _d312832 |
||